000 01546nam a2200469 i 4500
001 19299
003 KOSZ 005
005 20201012142139.0
008 000114s1979 pl a f f |000 0 pol
015 _aPB 1981/1800
040 _aWA N
_cWA N
_dKOSZ 005/HR
041 0 _apol
046 _k1979
080 _a621.1.01:536
080 _a662.6/.9
080 _a(075.8)
100 1 _aBieniasz, Bogumił
_d(1940- )
_eAutor
245 1 0 _aLaboratorium cieplne /
_cBogumił Bieniasz, Władysław Szymański.
250 _a[Wyd. 4 bez zmian].
260 _aRzeszów :
_bWydaw. Uczelniane Politechniki Rzeszowskiej im. Ignacego Łukasiewicza,
_c1979.
300 _a216 s. :
_bil., tab., wykr. ;
_c21 cm.
336 _2rdacontent
_aTekst
_btxt
337 _2rdamedia
_aBez urządzenia pośredniczącego
_bn
338 _2rdacarrier
_aWolumin
_bnc
380 _aKsiążki
380 _aPublikacje dydaktyczne
385 _mPoziom nauczania
_aSzkoły wyższe
388 _a1901-2000
388 _a1945-1989
504 _aBibliogr. s. 213.
650 4 _aCiepło
650 4 _aPaliwa
650 4 _aChemia
650 4 _aPomiary
650 4 _aTermodynamika techniczna
655 4 _aPodręczniki akademickie
658 _aFizyka i astronomia
658 _aInżynieria i technika
700 1 _aSzymański, Władysław
_c(inżynieria środowiska)
_eAutor
856 _uhttp://koha.tu.koszalin.pl/cgi-bin/koha/opac-detail.pl?biblionumber=19299
_yKatalog online BPK
942 _2UKD
_cKS
999 _c19299
_d19299